Normal view
MARC view
- Debnath, Tutan.
Entry Personal Name
001 - CONTROL NUMBER
- control field: 55346
003 - CONTROL NUMBER IDENTIFIER
- control field: OSt
005 - DATE AND TIME OF LATEST TRANSACTION
- control field: 20240325101919.0
008 - FIXED-LENGTH DATA ELEMENTS
- fixed length control field: 240325|| aca||aabn | a|a d
040 ## - CATALOGING SOURCE
- Original cataloging agency: OSt
- Transcribing agency: OSt
100 ## - HEADING--PERSONAL NAME
- Personal name: Debnath, Tutan.
- Relator term: author.
670 ## - SOURCE DATA FOUND
- Source citation: Work cat.: (OSt): Debnath, Tutan. author., A multilevel inverter for instantaneous voltage balancing of single sourced stacked DC-link capacitors for an induction motor load /, September 2022.
